Fr. Conceicao Rodrigues College of Engineering

Latest law report for administration in universities and colleges (Record no. 22258)

MARC details
000 -LEADER
fixed length control field 00374nam a2200157Ia 4500
082 ## - DEWEY DECIMAL CLASSIFICATION NUMBER
Classification number 344.5407
Item number I.L.A
100 ## - MAIN ENTRY--PERSONAL NAME
Personal name Indian law academy
245 ## - TITLE STATEMENT
Title Latest law report for administration in universities and colleges
260 ## - PUBLICATION, DISTRIBUTION, ETC.
Name of publisher, distributor, etc. Indian Law academy
Place of publication, distribution, etc. Lucknow
300 ## - PHYSICAL DESCRIPTION
Extent 842
546 ## - LANGUAGE NOTE
Language note ENGLISH
650 ## - SUBJECT ADDED ENTRY--TOPICAL TERM
Topical term or geographic name entry element English
654 ## - SUBJECT ADDED ENTRY--FACETED TOPICAL TERMS
Focus term Law
942 ## - ADDED ENTRY ELEMENTS (KOHA)
Koha item type BOOK
Holdings
Withdrawn status Lost status Damaged status Not for loan Collection Home library Current library Date acquired Cost, normal purchase price Total Checkouts Full call number Barcode Date last seen Cost, replacement price Price effective from Koha item type
        CRC Fr. Agnel's C.Rodrigues College of Engineering Fr. Agnel's C.Rodrigues College of Engineering 17/03/2023 631.00   344.5407 I.L.A 2869 17/03/2023 631.00 17/03/2023 BOOK
        CRC Fr. Agnel's C.Rodrigues College of Engineering Fr. Agnel's C.Rodrigues College of Engineering 17/03/2023 636.00   344.5407 I.L.A 2870 17/03/2023 636.00 17/03/2023 BOOK